• 首页
  • 本馆介绍
  • 公告通知
  • 最新文献
  • 馆藏检索
  • 电子资源
  • 读者导购
  • 参考咨询
  • 我的图书馆
  • 登录
  • 详细信息显示
  • 放入我的书架
  • 预约/预借图书
  • 作者相关作品
  • 分类相关作品
  • 丛书相关作品
  • 出版社相关作品

书目信息

  • 表格格式
  • 工作单格式
  • 卡片格式
题名:
英文反义字手册
    
 
作者: 不详
分册:  
出版信息: [出版地不详]   [出版者不详]  1981
页数: 171页
开本: 19cm
丛书名:
单 册:
中图分类: H313.2
科图分类:
主题词: 英语
电子资源:
ISBN:
000 00556nam0 2200217 45
001 0181005999
005 20070929083113.31
010    @dCNY0.85
100    @a19950608d1981 em y0chiy0121 ea
101 0  @achi
102    @aCN@b110000
105    @ay z 000yy
200 10 @a英文反义字手册@Aying wen fan yi zi shou ce@f不详@FBu Xiang
210    @a[出版地不详]@c[出版者不详]@d1981
215    @a171页@d19cm
606 0  @a英语
690    @aH313.2@v3
701  0 @a不详
801  2 @aCN@bNLC@c20070929
801  0 @aCN@b上海图书馆@c20040506
905    @dH313.2@e109
    
    英文反义字手册/不详.-[出版地不详]:[出版者不详],1981
    171页;19cm
    
    
    ISBN :CNY0.85
    
●
相关链接 在E读中查询图书 在五车中查询图书 在当当中查询图书 在豆瓣中查询图书


正题名:英文反义字手册     索取号:H313.2/109         预约/预借

序号 登录号 条形码 馆藏地/架位号 状态 备注
1 0046890   001384512   密集书库/ [索取号:H313.2/109] 在馆    
2 0046891   001384460   密集书库/ [索取号:H313.2/109] 在馆    
3 0046892   001384451   密集书库/ [索取号:H313.2/109] 在馆    
4 0046893   001384503   密集书库/ [索取号:H313.2/109] 在馆    
5 0046894   001384585   密集书库/ [索取号:H313.2/109] 在馆    
6 0046895   001384344   密集书库/ [索取号:H313.2/109] 在馆    
7 0046896   001384335   第四借阅区/ [索取号:H313.2/109] 在馆    
8 0046897   001384497   密集书库/ [索取号:H313.2/109] 在馆    
9 0046898   001384433   第四借阅区/ [索取号:H313.2/109] 在馆    
10 0046899   001384610   第四借阅区/ [索取号:H313.2/109] 在馆    
11 0046900   001384576   密集书库/ [索取号:H313.2/109] 在馆    
12 0046901   001384549   密集书库/ [索取号:H313.2/109] 在馆    
13 0046902   001384530   密集书库/ [索取号:H313.2/109] 在馆    
14 0046903   001384415   密集书库/ [索取号:H313.2/109] 在馆    
15 0046904   001384488   密集书库/ [索取号:H313.2/109] 在馆    
16 0046905   001384629   密集书库/ [索取号:H313.2/109] 在馆    
17 0046906   001384406   第四借阅区/ [索取号:H313.2/109] 在馆    
18 0046907   001384399   密集书库/ [索取号:H313.2/109] 在馆    
19 0046908   001384442   密集书库/ [索取号:H313.2/109] 在馆    
20 0046909   001384479   密集书库/ [索取号:H313.2/109] 在馆    
21 0178525   001384816   密集书库/ [索取号:H313.2/109] 在馆    
22 0178526   001384353   密集书库/ [索取号:H313.2/109] 在馆    
23 0178527   001384521   密集书库/ [索取号:H313.2/109] 在馆    
24 0178528   001384362   第二样本阅览室/ [索取号:H313.2/109] 在馆    
25 625923   206259234   密集书库/ [索取号:H313.2/109] 在馆    
26 625924   206259243   密集书库/ [索取号:H313.2/109] 在馆    
27 625925   206259252   密集书库/ [索取号:H313.2/109] 在馆    
唐山师范学院图书馆 欢迎您!
大连网信软件有限公司© 版权所有